000 00573nam a2200217Ii 4500
003 JO-AjNU
008 230606s9999||||xx |||||||||||||| ||und||
020 _a978-0-470-49661-9
040 _aJO-AjNU
_beng
_erda
_cJO-AjNU
041 _aeng
050 1 4 _aTA545.M17.2013
100 3 _aDavis,William/Wayne Sarasua,
_eauthor
_94381
245 0 0 _aSurveying
250 _a6 ed
264 3 1 _aJOHN WILEY,2013
300 _a378p
336 _atext
_btxt
_2rdacontent
337 _aunmediated
_bn
_2rdamedia
338 _avolume
_bnc
_2rdacarrier
650 4 _aSurveying
_94382
999 _aE2276
_c2274
_d2274